<The> concept, policy use and measurement of structural unemployment estimating a time varying NAIRU across 21 OECD countries

Salvato in:
Dettagli Bibliografici
Autore principale: Richardson, Pete
Natura: Libro
Lingua:inglese
Pubblicazione: Paris OECD 2000
Serie:Economics department working papers No. 250
Soggetti:
Tags: Aggiungi Tag
Nessun Tag, puoi essere il primo ad aggiungerne!!

MARC

LEADER 00000nam a2200000 4500
001 c122536
005 20221221084157.7
041 0 |a eng 
044 |a FR 
245 1 0 |a <The> concept, policy use and measurement of structural unemployment  |b estimating a time varying NAIRU across 21 OECD countries  |c by Pete Richardson ... [et al.] 
264 1 |a Paris  |b OECD  |c 2000 
300 |a 75 s. 
490 1 |a Economics department working papers  |v No. 250 
830 0 |a Economics department working papers  |v No. 250 
610 2 0 |a nezamestnanosť štruktúrna 
610 2 0 |a koncepcie 
610 2 0 |a politika peňažná 
610 2 0 |a inflácia 
610 2 0 |a politika fiškálna 
610 2 0 |a modely štruktúrne 
610 2 0 |a ceny 
610 2 0 |a mzdy 
610 2 0 |a práca 
610 2 0 |a trh práce 
610 2 0 |a štúdie 
610 2 0 |a metódy štatistické 
100 1 |a Richardson, Pete